Theory of language

Salvato in:
Dettagli Bibliografici
Autori principali: Weisler, Steven E (Autore), Milekic, Slavko (Autore)
Natura: Libro
Lingua:inglese
Pubblicazione: Cambridge MIT 2000
Soggetti:
Tags: Aggiungi Tag
Nessun Tag, puoi essere il primo ad aggiungerne!!

MARC

LEADER 00000nam a2200000 a 4500
001 UCN8602
003 CL-VaPUC
008 011116e20000000US |||||||||||||||||eng|d
082 0 4 |a 410.1  |b WEI  |2 21 
100 0 |a Weisler, Steven E  |e author  |9 464933 
700 0 |a Milekic, Slavko  |e author  |9 464934 
245 1 0 |a Theory of language 
300 |a 344 p 
942 |c BK 
945 |d 20011116 00:00:00  |a cmena 
260 |a Cambridge  |b MIT  |c 2000 
650 0 |a Lingüística  |9 265068 
650 0 |a Filosofía del lenguaje  |9 257082 
650 0 |a Oraciones gramaticales  |9 464906 
650 0 |a Adquisición del lenguaje   |9 309032 
650 0 |a Semántica  |9 265318 
650 0 |a Sintaxis  |9 318843 
583 |a last modification  |c 20011116 00:00:00  |k Rodrigo Vera 
999 |c 298438  |d 298436 
952 |0 0  |1 0  |4 0  |6 410_100000000000000_WEI_2000  |7 0  |8 A  |9 354019  |a FDOPOS  |b FDOPOS  |d 2019-11-21  |i 3773825  |o 410.1 WEI 2000  |p 3773825  |r 2025-01-22  |w 2019-11-21  |y BK  |k MLA